000 00423nam a22001817a 4500
003 MPLRDC
005 20220104113830.0
008 210129b ||||| |||| 00| 0 eng d
082 _a857.7 FF-7
100 _a冯冯
245 _a不能见光的人
_c
250 _a第一版
260 _a
_b皇冠出版社
_c1984
300 _b
490 _a皇冠丛书. 986
650 _a长篇小说
942 _cBK
_o857.7 FF-7
999 _c2702
_d2692